Pays... - Statistiques

Statistiques générales
  • Ce quiz a été pris 131 fois
  • Le résultat moyen est 162 sur 192
Statistiques - réponses
Question Tuile Select % Correct
Le plus petit de ces pays ? Centrafrique Non
99%
Le plus petit de ces pays ? Philippines Non
99%
Le plus petit de ces pays ? Pologne Non
98%
Lequel de ces Pays est le plus grand ? Belize Non
97%
Lequel de ces Pays est le plus grand ? Brunei Non
97%
Le plus petit de ces pays ? Cambodge Non
97%
Le plus petit de ces pays ? Cote d'ivoire Non
97%
Lequel de ces Pays est le plus grand ? Kosovo Non
97%
Lequel de ces Pays est le plus grand ? Monténégro Non
97%
Le plus petit de ces pays ? Syrie Non
97%
Le plus petit de ces pays ? Uruguay Non
97%
Lequel de ces pays est le plus peuplé Grenade Non
96%
Lequel de ces pays est le moins peuplé Malaisie Non
96%
Lequel de ces pays est le plus peuplé Sainte lucie Non
96%
Lequel de ces pays n'a jamais eu de médaille olympique Tanzanie Non
96%
Le plus petit de ces pays ? Bangladesh Non
95%
Lequel de ces pays a la pire espérance de vie Croatie Non
95%
Lequel de ces Pays est le plus grand ? Iles Salomon Non
95%
Le plus petit de ces pays ? Kirghizistan Non
95%
Lequel de ces pays est le plus peuplé Micronesie Non
95%
Lequel de ces pays est le plus peuplé Nauru Non
95%
Lequel de ces pays est le plus peuplé Saint vincent et les grenadines Non
95%
Lequel de ces Pays est le plus grand ? Salvador Non
95%
Lequel de ces pays a la pire espérance de vie Slovaquie Non
95%
Pays le moins corrompu Soudan Non
95%
Lequel de ces Pays est le plus grand ? Togo Non
95%
Le plus petit de ces pays ? Tunisie Non
95%
Lequel de ces pays a déjà eu une médaille olympique Turkmenistan Non
95%
Lequel de ces pays est le moins peuplé Ukraine Non
95%
Lequel de ces pays n'a jamais eu de médaille olympique Zambie Non
95%
Lequel de ces pays n'a jamais eu de médaille olympique Zimbabwe Non
95%
Lequel de ces pays est le moins peuplé Angola Non
94%
Lequel de ces Pays est le plus grand ? Bhoutan Non
94%
Lequel de ces pays a la pire espérance de vie Estonie Non
94%
Lequel de ces pays est le plus peuplé Kiribati Non
94%
Pays le moins corrompu Libye Non
94%
Lequel de ces pays a déjà eu une médaille olympique Mauritanie Non
94%
Lequel de ces pays a déjà eu une médaille olympique Myanmar Non
94%
Lequel de ces pays a la pire espérance de vie Pologne Non
94%
Lequel de ces pays est le plus peuplé Tonga Non
94%
Lequel de ces pays est le plus peuplé Vanuatu Non
94%
Pays le moins corrompu Yemen Non
94%
Lequel de ces pays est le plus peuplé Andorre Non
93%
Lequel de ces pays a la pire espérance de vie Bosnie Herzegovine Non
93%
Lequel de ces pays est le moins peuplé Cameroun Non
93%
Lequel de ces pays est le plus peuplé Dominique Non
93%
Lequel de ces pays a la pire espérance de vie Emirats arabes unis Non
93%
Pays le moins corrompu Irak Non
93%
Lequel de ces pays est le moins peuplé Madagascar Non
93%
Pays avec le moins fort taux de masculinité Oman Non
93%
Lequel de ces pays a la meilleure espérance de vie Somalie Non
93%
Lequel de ces pays est le moins peuplé Soudan Non
93%
Lequel de ces pays a la meilleure espérance de vie Soudan du sud Non
93%
Lequel de ces Pays est le plus grand ? Taiwan Non
93%
Lequel de ces pays a déjà eu une médaille olympique Tchad Non
93%
Pays le moins corrompu Afghanistan Non
92%
Pays avec le moins fort taux de masculinité Arabie Sadouite Non
92%
Lequel de ces pays est le moins peuplé Arabie Saoudite Non
92%
Lequel de ces pays est le moins peuplé Australie Non
92%
Lequel de ces pays n'a jamais eu de médaille olympique Bahamas Non
92%
Pays avec le moins fort taux de masculinité Bahrein Non
92%
Lequel de ces pays a l'altitude moyenne la plus faible Bhoutan Non
92%
Lequel de ces pays a un point situé le plus au sud Bolivie Non
92%
Lequel de ces pays est le moins peuplé Corée du nord Non
92%
Pays avec le moins fort taux de masculinité Emirats arabes unis Non
92%
Lequel de ces pays n'a jamais eu de médaille olympique Guyana Non
92%
Lequel de ces pays a l'altitude moyenne la plus faible Kirghizistan Non
92%
Lequel de ces pays a déjà eu une médaille olympique Népal Non
92%
Lequel de ces pays a l'altitude moyenne la plus faible Nepal Non
92%
Lequel de ces pays a un point situé le plus au sud Paraguay Non
92%
Lequel de ces pays a l'altitude moyenne la plus faible Pérou Non
92%
Pays avec le moins fort taux de masculinité Qatar Non
92%
Lequel de ces pays a la pire espérance de vie Qatar Non
92%
Lequel de ces pays a déjà eu une médaille olympique Salvador Non
92%
Pays le moins corrompu Somalie Non
92%
Pays le moins corrompu Soudan du sud Non
92%
Lequel de ces pays est le moins peuplé Sri Lanka Non
92%
Lequel de ces pays n'a jamais eu de médaille olympique Tadjikistan Non
92%
Lequel de ces pays a l'altitude moyenne la plus faible Tadjikistan Non
92%
Lequel de ces pays n'a jamais eu de médaille olympique Tonga Non
92%
Pays le moins corrompu Venezuela Non
92%
Lequel de ces pays a la meilleure espérance de vie Afghanistan Non
91%
Lequel de ces pays a la pire espérance de vie Bahrein Non
91%
Lequel de ces pays est le plus peuplé Barbade Non
91%
Lequel de ces pays a un point situé le plus au sud Botswana Non
91%
Lequel de ces pays a déjà eu une médaille olympique Cap vert Non
91%
Pays le moins corrompu Erythrée Non
91%
Lequel de ces pays a un point situé le plus au sud Indonesie Non
91%
Pays avec le moins fort taux de masculinité Koweit Non
91%
Lequel de ces pays a la meilleure espérance de vie Malawi Non
91%
Lequel de ces pays a la meilleure espérance de vie Nigeria Non
91%
Le plus petit de ces pays ? Oman Non
91%
Lequel de ces Pays est le plus grand ? Pays bas Non
91%
Lequel de ces pays n'a jamais eu de médaille olympique Sri Lanka Non
91%
Pays avec le moins fort taux de masculinité Afghanistan Non
90%
Lequel de ces pays a déjà eu une médaille olympique Angola Non
90%
Lequel de ces pays n'a jamais eu de médaille olympique Barbade Non
90%
Lequel de ces pays a l'altitude moyenne la plus faible Chili Non
90%
Lequel de ces pays a déjà eu une médaille olympique Congo Non
90%
Pays le moins corrompu Haiti Non
90%
Lequel de ces pays a un point situé le plus au sud Maurice Non
90%
Lequel de ces pays a un point situé le plus au sud Papouasie nouvelle guinée Non
90%
Lequel de ces pays a déjà eu une médaille olympique Saint-Christophe-et-Niévès Non
90%
Lequel de ces pays a la meilleure espérance de vie Sierra Leone (mdr) Non
90%
Lequel de ces pays a un point situé le plus au sud Suède Non
90%
Lequel de ces pays a l'altitude moyenne la plus faible Afghanistan Non
89%
Lequel de ces pays a l'altitude moyenne la plus faible Andorre Non
89%
Lequel de ces pays a la pire espérance de vie Brunei Non
89%
Lequel de ces pays a la meilleure espérance de vie Burkina Faso Non
89%
Lequel de ces Pays est le plus grand ? Lettonie Non
89%
Pays avec le moins fort taux de masculinité Malaisie Non
89%
Lequel de ces pays a la meilleure espérance de vie Mozambique Non
89%
Lequel de ces pays a la pire espérance de vie Panama Non
89%
Lequel de ces pays a un point situé le plus au sud Perou Non
89%
Lequel de ces pays a un point situé le plus au sud Samoa Non
89%
Lequel de ces pays a déjà eu une médaille olympique Somalie Non
89%
Lequel de ces pays est le moins peuplé Taiwan Non
89%
Lequel de ces pays a la meilleure espérance de vie Zimbabwe Non
89%
Lequel de ces pays n'a jamais eu de médaille olympique Burundi Non
88%
Pays avec le moins fort taux de masculinité Chine Non
88%
Lequel de ces pays a déjà eu une médaille olympique Mali Non
88%
Lequel de ces pays n'a jamais eu de médaille olympique Samoa Non
88%
Lequel de ces pays a la meilleure espérance de vie Togo Non
88%
Pays le moins corrompu Turkmenistan Non
88%
Lequel de ces pays a un point situé le plus au sud Tuvalu Non
88%
Lequel de ces pays n'a jamais eu de médaille olympique Afghanistan Non
87%
Lequel de ces pays a déjà eu une médaille olympique Albanie Non
87%
Lequel de ces pays a l'altitude moyenne la plus faible Bhoutan (et ouais) Non
87%
Lequel de ces pays est le moins peuplé Canada Non
87%
Pays avec le moins fort taux de masculinité Gabon Non
87%
Lequel de ces Pays est le plus grand ? Georgie Non
87%
Lequel de ces pays a l'altitude moyenne la plus faible Mongolie Non
87%
Lequel de ces pays a la pire espérance de vie Antigua et Barbuda Non
86%
Lequel de ces pays a l'altitude moyenne la plus faible Armenie Non
86%
Lequel de ces pays est le plus peuplé Bahamas Non
86%
Pays avec le moins fort taux de masculinité Bhoutan Non
86%
Lequel de ces pays a un point situé le plus au sud Etats unis Non
86%
Lequel de ces pays a la meilleure espérance de vie Guinée Non
86%
Pays avec le moins fort taux de masculinité Inde Non
86%
Lequel de ces pays n'a jamais eu de médaille olympique Kosovo Non
86%
Le plus petit de ces pays ? Laos Non
86%
Lequel de ces pays a la meilleure espérance de vie Mali Non
86%
Lequel de ces pays est le moins peuplé Ouzbekistan Non
86%
Lequel de ces pays a un point situé le plus au sud Tonga Non
86%
Pays le moins corrompu Zimbabwe Non
86%
Lequel de ces pays a l'altitude moyenne la plus faible Chine Non
85%
Pays avec le moins fort taux de masculinité Guinée equatoriale Non
85%
Lequel de ces pays a un point situé le plus au sud Madagascar Non
85%
Lequel de ces pays a la pire espérance de vie Oman Non
85%
Lequel de ces pays a l'altitude moyenne la plus faible Rwanda Non
85%
Lequel de ces Pays est le plus grand ? Sri Lanka Non
85%
Lequel de ces pays a la pire espérance de vie Albanie Non
84%
Pays le moins corrompu Angola Non
84%
Lequel de ces pays a la meilleure espérance de vie Guinée equatoriale Non
84%
Pays avec le moins fort taux de masculinité Maldives Non
84%
Lequel de ces pays est le moins peuplé Yemen Non
84%
Lequel de ces pays a l'altitude moyenne la plus faible Burundi Non
83%
Pays avec le moins fort taux de masculinité Samoa Non
83%
Pays le moins corrompu Corée du nord Non
82%
Lequel de ces pays n'a jamais eu de médaille olympique Îles Vierges des États-Unis Non
82%
Pays le moins corrompu Ouzbekistan Non
82%
Lequel de ces pays a déjà eu une médaille olympique Taiwan Non
82%
Lequel de ces pays a un point situé le plus au sud Vanuatu Non
82%
Lequel de ces pays est le plus peuplé Belize Non
81%
Lequel de ces pays a la meilleure espérance de vie Cameroun Non
81%
Lequel de ces pays n'a jamais eu de médaille olympique Djibouti Non
81%
Lequel de ces pays a la meilleure espérance de vie Lesotho Non
81%
Lequel de ces pays a la pire espérance de vie Cuba Non
80%
Lequel de ces pays a un point situé le plus au sud Eswatini Non
80%
Lequel de ces pays a la pire espérance de vie Maldives Non
80%
Le plus petit de ces pays ? Guyana Non
79%
Lequel de ces pays a déjà eu une médaille olympique Bosnie Herzegovine Non
78%
Lequel de ces pays est le plus peuplé Monaco Non
78%
Le plus petit de ces pays ? Nepal Non
78%
Lequel de ces pays a l'altitude moyenne la plus faible Lesotho Non
76%
Lequel de ces Pays est le plus grand ? Irlande Non
75%
Lequel de ces Pays est le plus grand ? Slovaquie Non
74%
Le plus petit de ces pays ? Suriname Non
74%
Lequel de ces pays est le plus peuplé Islande Non
72%
Lequel de ces pays est le moins peuplé Nepal Non
72%
Lequel de ces pays est le plus peuplé Maldives Oui
10%
Pays le moins corrompu Burundi Oui
9%
Lequel de ces pays a un point situé le plus au sud Namibie Oui
8%
Lequel de ces pays est le moins peuplé Niger Oui
8%
Le plus petit de ces pays ? Tadjikistan Oui
8%
Lequel de ces pays n'a jamais eu de médaille olympique Rwanda Oui
5%
Lequel de ces pays a la pire espérance de vie Argentine Oui
3%
Pays avec le moins fort taux de masculinité Pakistan Oui
3%
Lequel de ces Pays est le plus grand ? Sierra Leone Oui
3%
Lequel de ces pays a déjà eu une médaille olympique Suriname Oui
3%
Lequel de ces pays a la meilleure espérance de vie Gambie Oui
2%
Lequel de ces pays a l'altitude moyenne la plus faible Suisse Oui
2%
Aucun quiz correspondant
Distribution des résultats
% des personnes avec chaque résultat
Percentile par nombre de réponses
Votre historique - résultats
Vous n’avez pas pris ce quiz